Poesía inglesa contemporánea

Salvato in:
Dettagli Bibliografici
Autore principale: Revol, Enrique Luis (Autore)
Natura: Libro
Lingua:spagnolo
Pubblicazione: Buenos Aires Fausto 1974
Serie:Biblioteca de Poesía Universal, 4
Soggetti:
Tags: Aggiungi Tag
Nessun Tag, puoi essere il primo ad aggiungerne!!

MARC

LEADER 00000nam a2200000 a 4500
001 UCO4952
003 CL-VaPUC
008 000825e19740000AG |||||||||||||||||spa|d
082 0 4 |a 821  |b REV  |2 21 
100 0 |a Revol, Enrique Luis  |e author  |9 449656 
245 1 0 |a Poesía inglesa contemporánea 
300 |a 413 p 
942 |c BK 
945 |d 20000825 00:00:00  |a crobeson 
260 |a Buenos Aires  |b Fausto  |c 1974 
650 0 |a Poesías inglesas  |9 265094 
650 0 |a Literatura inglesa  |9 312907 
650 0 |a Antologías  |9 309836 
583 |a last modification  |c 20000825 00:00:00  |k Rodrigo Vera 
490 0 |a Biblioteca de Poesía Universal, 4 
999 |c 290911  |d 290909 
952 |0 0  |1 0  |4 0  |6 821_000000000000000_REV_1974  |7 0  |8 A  |9 340536  |a BIBART  |b BIBART  |d 2019-11-20  |i 1217305  |o 821 REV 1974  |p 1217305  |r 2025-03-13  |w 2019-11-20  |y BK  |k ART